| 000 | 00633nam a22002057a 4500 | ||
|---|---|---|---|
| 003 | OSt | ||
| 005 | 20251204101635.0 | ||
| 008 | 251204b |||||||| |||| 00| 0 eng d | ||
| 020 | _a0-07-123912-X | ||
| 040 |
_aDWC-Main lib _cOC |
||
| 082 | _aCirc. 629.8 G659 2002 | ||
| 100 | _aGopal, M. | ||
| 245 |
_aControl systems : _bprinciples and design _cGopal, M |
||
| 260 |
_aBoston : _bMcGraw-Hill, _cc2002 |
||
| 300 |
_axvii, 971 pages ; _c23 cm. |
||
| 504 | _aIncludes index | ||
| 650 | _2Control theory | ||
| 650 | _2Automatic control | ||
| 942 |
_2ddc _cBK-CIRC _hCirc. 629.8 G659 2002 _kCirc. _n0 |
||
| 999 |
_c6799 _d6799 |
||